Construcción doctrinaria de la revocación del acto administrativo ilegal /

Estudio sobre la institución jurídica-administrativa denominada recurso de revocación en el sistema colombiano. Contiene: La noción de revocación del acto administrativo; Naturaleza jurídica y fundamentos de la invalidación del acto administrativo; El régimen jurídico de la invalidación del acto adm...

Descrizione completa

Salvato in:
Dettagli Bibliografici
Autore principale: Santos Rodríguez, Jorge Enrique (autor)
Natura: Libro
Lingua:spagnolo
Pubblicazione: Bogotá, Colombia : Universidad Externado de Colombia, Facultad de Derecho, 2005, c2005
Serie:(Tesis de Grado ; 34)
Soggetti:
Tags: Aggiungi Tag
Nessun Tag, puoi essere il primo ad aggiungerne!!

MARC

LEADER 00000nam^a2200000^a^4500
001 000189824
005 20250521000000.0
009 20260310102429.116
020 |a 958-710-019-0 
037 |a Acervo ITESO - Biblioteca 
041 |a ESP 
082 |a 342. 861066  |b SAN 
100 |a Santos Rodríguez, Jorge Enrique  |e (autor) 
245 1 0 |a Construcción doctrinaria de la revocación del acto administrativo ilegal /  |c J.E. Santos Rodríguez. 
264 4 |a Bogotá, Colombia :  |b Universidad Externado de Colombia, Facultad de Derecho,  |c 2005, c2005 
300 |a 258 p. 
336 |a texto  |b txt  |2 rdacontenido 
337 |a sin mediación  |b n  |2 rdamedio 
338 |a volumen  |b nc  |2 rdasoporte 
440 1 |a (Tesis de Grado ;  |v 34) 
520 |a Estudio sobre la institución jurídica-administrativa denominada recurso de revocación en el sistema colombiano. Contiene: La noción de revocación del acto administrativo; Naturaleza jurídica y fundamentos de la invalidación del acto administrativo; El régimen jurídico de la invalidación del acto administrativo; El procedimiento administrativo de invalidación del acto administrativo. 
649 |a XX 
650 |a Actos Administrativos -  |z Colombia 
650 |a Recurso de Revocación -  |z Colombia -  |x Tema Principal 
650 |a Recurso Contencioso Administrativo -  |z Colombia 
650 |a Recursos (Derecho) -  |z Colombia 
650 |a Derecho Procesal Administrativo -  |z Colombia 
650 |a Derecho Administrativo -  |z Colombia 
650 |a Derecho Público -  |z Colombia 
910 |a Fondo General 
920 |a Impresos - Libros 
930 |a Colección General 
905 |a 101 
901 |a 0500132959  |b IT1  |c ACC  |u 20250521 
902 |a https://opac.biblio.iteso.mx/vufind/Record/000189824